000 00327nam a2200109Ia 4500
008 191206s9999 xx 000 0 und d
090 _aLB2367.S3
245 0 _aHow to pass exams
260 _a"Gosset and Dunlap, by arragement with American Research Council, Larchmont, N.Y."
260 _cc[1964]
300 _a96 p. illus. 21 cm.
999 _c16181
_d16181